A textbook of hydrology and water resources
Saved in:
| Main Author: | |
|---|---|
| Format: | Book |
| Language: | English |
| Published: |
Topmerit Page Publishers,
2012
|
| Tags: |
Add Tag
No Tags, Be the first to tag this record!
|
MARC
| LEADER | 00000nam a22000007a 4500 | ||
|---|---|---|---|
| 008 | 210408b ||||| |||| 00| 0 eng d | ||
| 020 | |a 978-33132-0-7 | ||
| 100 | |a MUSTAFA, S. | ||
| 245 | |a A textbook of hydrology and water resources |c S. Mustafa and M. I. Yusuf. |g x, 419p.; ill. | ||
| 260 | |b Topmerit Page Publishers, |c 2012 |h Abuja |i 690718 |l GB804 .M97 |m Hydrology |m Water supply | ||
| 500 | |a “It includes index” | ||
| 942 | |a lcc |c BK |e ADEKANYE , I.H. |f 08/04/2021 | ||
| 952 | |0 0 |1 0 |2 lcc |4 0 |6 GB0804 M97 |7 0 |9 2052 |a HOL |b HOL |c GJ |d 2021-04-08 |l 0 |o GB804 .M97 |p 2021-5909 |r 2021-04-08 00:00:00 |w 2021-04-08 |y BK | ||
| 999 | |c 1065 |d 1065 | ||